000 00577nam a2200205Ia 4500
999 _c16328
_d16328
003 OSt
005 20210729131129.0
008 160316s1956 xxu||||| |||| 00| 0 eng d
040 _cNLS
082 _a338.9
_bSEC
100 _a
245 _aSecond five year plan
260 _aNew Delhi
_bGovt. of India, Planning Commission
_c1956
300 _a346p
365 _bRs.243
650 _a1.Economic Development - Second Five Year Plan
700 _a
_a
856 _uhttps://niti.gov.in/planningcommission.gov.in/docs/plans/planrel/fiveyr/index8.html
942 _2ddc
_cBK